000 00536nam a2200217Ia 4500
003 0100
008 130307s9999 xx 000 0 und d
040 _cARRUPELIB
050 _aHF5387.G37
100 _aGarrett, Thomas M
245 _aBusiness Ethics
260 _aNew Jersey
260 _bPrentice-Hall
260 _c1966
300 _a210p.
300 _b22cm
650 _bApartheid--South Africa
650 _cSouth Africa--Politics & government--1978-
650 _dCommonwealth group of Eminent persons
942 0 0 _02
999 _c99936
_d99936